00484 2200157 4500001002100000005001500021035002000036007000300056008004100059020002200100100001700122245008800139250000900227260006800236300002200304INLIS00000000000014620210726055938 a0010-0721000131ta210726 1  a978-602-437-041-10 aZaenal Hakim1 aGONG ROBEK YANG BERTUAH :bCerita Rakyat /cBadan Pengembangan dan Pembinaan Bahasa a2016 aJakarta Timur :bBadan Pengembangan dan Pembinaan Bahasa,c2016 a52 :bFiksi ;c28